Dactylographie_alphabet - Statistiques

Statistiques générales
  • Ce quiz a été pris 87 fois
  • Le résultat moyen est 25 sur 26
Statistiques - réponses
Hint Réponse % Correct
a a
100%
e e
100%
i i
100%
o o
100%
d d
98%
f f
98%
g g
98%
h h
98%
j j
98%
k k
98%
l l
98%
r r
98%
t t
98%
b b
96%
c c
96%
m m
96%
p p
96%
q q
96%
s s
96%
u u
96%
y y
96%
z z
96%
n n
94%
v v
92%
w w
90%
x x
90%
Aucun quiz correspondant
Distribution des résultats
% des personnes avec chaque résultat
Percentile par nombre de réponses
Votre historique - résultats
Vous n’avez pas pris ce quiz